Postup a spôsob podania pri správe daní po novele

Problematika postupu a spôsobu podania v súvislosti so správou daní je upravená v zákone č. 563/2009 Z. z. o správe daní (daňový poriadok) a o zmene a doplnení niektorých zákonov v z. n. p. Daňový poriadok neupravuje osobitne definíciu "podania". Inštitút podania úzko súvisí s právom a povinnosťami...

ver descrição completa

Na minha lista:
Detalhes bibliográficos
Autor principal: Jurčíková, Božena
Formato: Capítulo de Livro
Idioma:eslovaco
Assuntos:
Tags: Adicionar Tag
Sem tags, seja o primeiro a adicionar uma tag!

MARC

LEADER 00000naa a2200000 4500
001 0297161
005 20240426112317.4
041 0 |a slo 
044 |a SK 
245 1 0 |a Postup a spôsob podania pri správe daní po novele  |c Božena Jurčíková 
520 |a Problematika postupu a spôsobu podania v súvislosti so správou daní je upravená v zákone č. 563/2009 Z. z. o správe daní (daňový poriadok) a o zmene a doplnení niektorých zákonov v z. n. p. Daňový poriadok neupravuje osobitne definíciu "podania". Inštitút podania úzko súvisí s právom a povinnosťami daňového subjektu v súvislosti so správou daní. 
610 2 0 |a novelizácia 
610 2 0 |a zákony 
610 2 0 |a správa daňová 
610 2 0 |a subjekty daňové 
610 2 0 |a poriadok daňový 
610 2 0 |a povinnosť daňová 
100 1 |a Jurčíková, Božena